Statistics for Disney Characters beginning with E

Click here to take the quiz!

General Stats

  • This quiz has been taken 8 times
  • The average score is 2 of 19

Answer Stats

Answer% Correct
Elsa
86%
Ed
43%
Esmeralda
43%
Edward
29%
Eeyore
29%
Elliott
14%
Edgar Balthazar the Butler
0%
Eema
0%
Einstein
0%
El Capitan
0%
Eli 'Big Daddy' La Bouff
0%
Ellie Mae
0%
Elmer Elephant
0%
Emmitt Otterton
0%
Emperor of China
0%
Eudora
0%
Evangaline
0%
Evinrude
0%
The Enchantress
0%

Score Distribution

Percentile by Number Answered

Percent of People with Each Score

Your Score History

You have not taken this quiz